000 00722cam a22002533a 4500
001 17391
003 PGUSA
005 20140828083354.0
008 051225s2005||||xxu|||||s|||||000 1 eng d
040 _aPGUSA
_beng
042 _adc
050 4 _aPS
100 1 _aMacGrath, Harold,
_d1871-1932
245 1 4 _aThe Princess Elopes
_h[electronic resource] /
_cHarold MacGrath
260 _bProject Gutenberg,
_c2005
506 _aPublic domain in the USA.
516 _aElectronic text
653 _aMan-woman relationships -- Fiction
653 _aEurope -- Fiction
700 1 _aFisher, Harrison,
_d1875-1934
830 0 _aProject Gutenberg
_v17391
856 4 0 _uhttp://www.gutenberg.org/ebooks/17391
942 _cEB
999 _c246646
_d246646